LEADER 01188nam a2200277 i 4500 001 000000156805 003 CaOOAMICUS 005 20061214000000.0 008 061214s1975 it u000 u mul u 013 $a134160 040 $aSeMil$bita 100 1 $aScève, Maurice.$0(OLS)http://semarc/name/61259 245 10$aDélie :$boggetto d'altissima virtù /$cMaurice Scève ; introduzione di Jacqueline Risset ; traduzione di Diana Grange Fiori. 260 $aTorino :$bGiulio Einaudi,$ccopyr. 1975. 300 $aXV, 57 p. ;$c18 cm. 490 0 $aCollezione di poesia ;$v124 500 $aTesto francese a fronte. - Fondo Ciprandi. 700 1 $aGrange Fiori, Diana.$0(OLS)http://semarc/name/55352 700 1 $aRisset, Jacqueline,$d<1936-2014>.$0(OLS)http://semarc/name/42866 830 0$aCollezione di poesia ;$v124.$0(OLS)http://semarc/title/7855 850 $aSeMil 852 $aSeMil$W1$xVenegono$y1$m1U I 43$j108554$B108554$CSeMilBibl$Z2$F118105 $81 941 1 $a1 961 $aOmaggio: Ciprandi dott. Paolo 996 $6245$aDélie :$boggetto d'altissima virtù$9(OLS)http://semarc/title/229884 996 $6260$aTorino :$bGiulio Einaudi$9(OLS)http://semarc/publisher/29810 LEADER 01137nam a2200265 i 4500 001 000000124423 003 CaOOAMICUS 005 20040323000000.0 008 040323s1976 ci u000 u ger u 013 $a97120 040 $aSeMil$bita 245 10$aAltkroatisches erbe /$cEinleitung Stjepan Gunjaca ; Katalogredaktion Dusan Jelovina ; Fotografien und Kataloggestaltung Mladen Grcevic. 260 $aZagabria :$bGraficki Zavod Hrvatske,$cstampa 1976. 300 $a115 p. :$briccamente ill. ;$c31 cm. 500 $aFondo Card. C.M. Martini. 650 4$aCroazia - Arte sacra.$0(OLS)http://semarc/subject/22868 700 1 $aGunjaca, Stjepan.$0(OLS)http://semarc/name/51696 700 1 $aGrcevic, Mladen.$0(OLS)http://semarc/name/51698 700 1 $aJelovina, Dusan.$0(OLS)http://semarc/name/51697 850 $aSeMil 852 $aSeMil$W1$xVenegono$y1$m5M VII 50$j79007$B79007$CSeMilBibl$Z2$F81182 $81 941 1 $a4 961 $aOmaggio: Martini Card. Carlo Maria 996 $6245$aAltkroatisches erbe$9(OLS)http://semarc/title/183114 996 $6260$aZagabria :$bGraficki Zavod Hrvatske$9(OLS)http://semarc/publisher/46338 LEADER 01124nam a2200253 i 4500 001 000000121847 003 CaOOAMICUS 005 20251204145615.0 008 040114s1981 it u000 u ita u 013 $a94542 040 $aSeMil$bita 100 1 $aKremer, Jacob <1924-2010>.$0(OLS)http://semarc/name/29014 245 10$aPer una lettura molteplice della Bibbia :$batti del convegno tenuto a Trento il 23-24 maggio 1979 /$cJacob Kremer ... [et al.]. 260 $aBologna :$bEDB,$c1981. 300 $a151 p. ;$c22 cm. 490 0 $aScienze religiose ;$v1 650 4$aErmeneutica biblica.$0(OLS)http://semarc/subject/1620 830 0$aScienze religiose / Istituto trentino di cultura ;$v1.$0(OLS)http://semarc/title/457202 850 $aSeMil 852 $aSeMil$W1$xVenegono$y1$m2V III 302$j270674$B76894$CSeMilBibl$Z2$F92585 $81 961 $aLascito: Garavaglia Abramo 996 $6245$aPer una lettura molteplice della Bibbia :$batti del convegno tenuto a Trento il 23-24 maggio 1979$9(OLS)http://semarc/title/407847 996 $6260$aBologna :$bEDB$9(OLS)http://semarc/publisher/29669